Score 0/18 Timer 05:00
0 Plays Today
Hint 4-Letter Word % Correct
gaw thgim god a tahWLIAT
95.4%
thgieh egareva evobALLAT
95.2%
tsehc dna hcamots etisoppo ydob fo traPKCAB
94.6%
sdrow nekops yb etacinummoCKLAT
94.4%
llabesab ni evom gnihctip lagellIKLAB
90.7%
reyalp hcae ot sdrac etubirtsiDLAED
89.8%
doof sa netae hself flaCLAEV
87.5%
ecaf eht laecnoc ot desu cirbaFLIEV
85.2%
nwot troser iks odaroloCLIAV
85.1%
Hint 4-Letter Word % Correct
tsif a otni edam eb yam tahWDNAH
84%
dnatsrednu ot tluciffiDDRAH
81%
lairetam nettirw esurePDAER
80.9%
reyal retuo noleMDNIR
79.2%
roiretsoPDNIH
75.7%
seceip otni raeTDNER
75.1%
ziuq eht evlos ot dah ev'uoy woh, gnur tsrif htiWDRAW
70.4%
.g.e ,pihs a fo nrets ehTRAER
70.4%
noitceffa peed htiw dedrageRRAED
67.9%

Today's Daily Dose

Remove Ads.
Support Sporcle.
Get the best of Sporcle when you Go Orange. This ad-free experience offers more features, more stats, and more fun while also helping to support Sporcle. Thank you for becoming a member.

You're not logged in!

Compare scores with friends on all Sporcle quizzes.
OR
Log In

Show Comments

Extras

Top Quizzes Today


Score Distribution

Your Account Isn't Verified!

In order to create a playlist on Sporcle, you need to verify the email address you used during registration. Go to your Sporcle Settings to finish the process.

Report this User

Report this user for behavior that violates our Community Guidelines.

Details: